00470nam a2200145 a 450000500170000000800410001702000180005805000270007624500590010326000460016230000170020844000220022550000160024765000610026320140412111304.0001110s19uu xx 00 eng d a962-00-1109-0 aTR(GS 420.7bGo63 1985 aGogo's adventures with English, bk.6 :bactivity book. aHong Kong :bLongman Asia Limited,c1995. a55 p. ; ill. aGogo's Adventures aw/ VHS tape aEnglish language -- study and teaching--Activity program